Gemeenten van Vlaanderen - Statistieken

Algemene statistieken
  • Deze quiz is 155 keer genomen
  • De gemiddelde score is 95 van 299
Antwoordstatistieken
Gemeente % Correct
Antwerpen
86%
Aalst
80%
Gent
80%
Brugge
78%
Oostende
78%
Hasselt
74%
Mechelen
70%
De Panne
68%
Leuven
67%
Genk
64%
Blankenberge
63%
Aarschot
59%
Kortrijk
59%
Ieper
58%
Mol
58%
Roeselare
58%
As
57%
Bever
57%
Sint-Niklaas
57%
Turnhout
57%
Aalter
55%
Beveren
55%
Lier
55%
Geel
54%
Knokke-Heist
54%
Dendermonde
53%
Ham
53%
Herent
53%
Lokeren
53%
Koksijde
51%
Nieuwpoort
51%
Asse
50%
De Haan
50%
Lommel
49%
Zaventem
49%
Halle
47%
Middelkerke
47%
Tienen
47%
Veurne
47%
Waregem
47%
Diest
46%
Diksmuide
46%
Herentals
46%
Peer
46%
Boom
45%
Maasmechelen
45%
Sint-Truiden
45%
Tielt
45%
Vilvoorde
45%
Berlaar
43%
Ninove
42%
Tongeren
42%
Beringen
41%
Bornem
41%
Oudenaarde
41%
Bredene
39%
Hoogstraten
39%
Jabbeke
39%
Malle
39%
Zelzate
39%
Aartselaar
38%
Affligem
38%
Beerse
38%
Brasschaat
38%
Bree
38%
Damme
38%
Maaseik
38%
Voeren
38%
Balen
37%
Brecht
37%
Deinze
37%
De Pinte
37%
Essen
37%
Grimbergen
37%
Maldegem
37%
Menen
37%
Torhout
37%
Westerlo
37%
Zulte
37%
Anzegem
36%
Eeklo
36%
Geraardsbergen
36%
Hamme
36%
Machelen
36%
Ardooie
34%
Arendonk
34%
Avelgem
34%
Bierbeek
34%
Harelbeke
34%
Izegem
34%
Kasterlee
34%
Kontich
34%
Lede
34%
Lochristi
34%
Pelt
34%
Poperinge
34%
Retie
34%
Sint-Katelijne-Waver
34%
Zottegem
34%
Baarle-Hertog
33%
Borsbeek
33%
Edegem
33%
Schoten
33%
Wetteren
33%
Wevelgem
33%
Zele
33%
Beernem
32%
Bilzen
32%
Bonheiden
32%
Dessel
32%
Duffel
32%
Heuvelland
32%
Kalmthout
32%
Kapellen
32%
Laakdal
32%
Lint
32%
Olen
32%
Ranst
32%
Schilde
32%
Stabroek
32%
Temse
32%
Tervuren
32%
Zwijndrecht
32%
Denderleeuw
30%
Gistel
30%
Leopoldsburg
30%
Lille
30%
Oud-Turnhout
30%
Putte
30%
Sint-Genesius-Rode
30%
Wachtebeke
30%
Wijnegem
30%
Zoersel
30%
Alveringem
29%
Berlare
29%
Boechout
29%
Dilbeek
29%
Haacht
29%
Hoegaarden
29%
Houthalen-Helchteren
29%
Lanaken
29%
Landen
29%
Meerhout
29%
Stekene
29%
Vosselaar
29%
Wingene
29%
Wuustwezel
29%
Zwevegem
29%
Assenede
28%
Beersel
28%
Begijnendijk
28%
Bertem
28%
Boortmeerbeek
28%
Brakel
28%
Deerlijk
28%
Erpe-Mere
28%
Ichtegem
28%
Kortemark
28%
Lubbeek
28%
Lummen
28%
Merelbeke
28%
Niel
28%
Sint-Martens-Latem
28%
Tessenderlo
28%
Vorselaar
28%
Wommelgem
28%
Zedelgem
28%
Destelbergen
26%
Herenthout
26%
Heusden-Zolder
26%
Hove
26%
Keerbergen
26%
Kraainem
26%
Kruibeke
26%
Kuurne
26%
Langemark-Poelkapelle
26%
Mesen
26%
Mortsel
26%
Nijlen
26%
Oostkamp
26%
Overijse
26%
Puurs-Sint-Amands
26%
Ravels
26%
Riemst
26%
Ronse
26%
Schelle
26%
Ternat
26%
Vleteren
26%
Wervik
26%
Alken
25%
Bocholt
25%
Dilsen-Stokkem
25%
Galmaarden
25%
Gooik
25%
Haaltert
25%
Hulshout
25%
Ingelmunster
25%
Kaprijke
25%
Lebbeke
25%
Lichtervelde
25%
Lierde
25%
Londerzeel
25%
Meise
25%
Rijkevorsel
25%
Rotselaar
25%
Scherpenheuvel - Zichem
25%
Sint-Gillis-Waas
25%
Zonnebeke
25%
Zuienkerke
25%
Zutendaal
25%
Diepenbeek
24%
Evergem
24%
Gavere
24%
Grobbendonk
24%
Herk de Stad
24%
Hoeilaart
24%
Liedekerke
24%
Tielt-Winge
24%
Waasmunster
24%
Zemst
24%
Zonhoven
24%
Bekkevoort
22%
Buggenhout
22%
Hamont-Achel
22%
Hemiksem
22%
Herne
22%
Herselt
22%
Houthulst
22%
Kampenhout
22%
Kinrooi
22%
Laarne
22%
Ledegem
22%
Lievegem
22%
Linkebeek
22%
Lo-Reninge
22%
Melle
22%
Oud-Heverlee
22%
Sint-Laureins
22%
Sint-Pieters-Leeuw
22%
Wemmel
22%
Zandhoven
22%
Borgloon
21%
Drogenbos
21%
Gingelom
21%
Herzele
21%
Linter
21%
Maarkedal
21%
Merchtem
21%
Merksplas
21%
Moerbeke
21%
Oostrozebeke
21%
Roosdaal
21%
Ruiselede
21%
Staden
21%
Tremelo
21%
Wortegem-Petegem
21%
Boutersem
20%
Glabbeek
20%
Hoeselt
20%
Koekelare
20%
Kortenberg
20%
Lendelede
20%
Meulebeke
20%
Oudenburg
20%
Oudsbergen
20%
Rumst
20%
Wichelen
20%
Zwalm
20%
Dentergem
18%
Halen
18%
Heers
18%
Holsbeek
18%
Kluisbergen
18%
Kortenaken
18%
Lennik
18%
Moorslede
18%
Nazareth
18%
Pittem
18%
Steenokkerzeel
18%
Wezembeek-Oppem
18%
Wielsbeke
18%
Zoutleeuw
18%
Horebeke
17%
Kortessem
17%
Kruisem
17%
Sint-Lievens-Houtem
17%
Spiere-Helkijn
17%
Herstappe
16%
Hooglede
16%
Kappelle-op-den-Bos
16%
Wellen
16%
Hechtel-Eksel
14%
Opwijk
14%
Geetbets
12%
Pepingen
12%
Heist op de Berg
11%
Nieuwerkerken
11%
Oosterzele
11%
Huldenberg
7%
Geen overeenkomende quizzen gevonden
Scoreverdeling
Procent van Mensen met Elke Score
Percentiel versus Aantal Correcte Antwoorden
Uw Scoregeschiedenis
U heeft deze quiz nog niet genomen